Biotransformación de la cáscara de semilla de girasol : incubación mesofílica y termofílica en ausencia y presencia de suplementos nitrogenados /
Guardado en:
| Otros Autores: | , |
|---|---|
| Formato: | Manuscrito |
| Idioma: | Spanish |
| Publicado: |
2006.
|
| Etiquetas: |
Agregar Etiqueta
Sin Etiquetas, Sea el primero en etiquetar este registro!
|
| LEADER | 00913ntm a22001935a 4500 | ||
|---|---|---|---|
| 001 | EEA.libagro009376 | ||
| 005 | 20140213092536.0 | ||
| 008 | 060516s2006####ag#a#####bm###000#0#spa#d | ||
| 100 | 1 | |a Conghos, María Marta. |4 dis | |
| 245 | 1 | 0 | |a Biotransformación de la cáscara de semilla de girasol : |b incubación mesofílica y termofílica en ausencia y presencia de suplementos nitrogenados / |c María Marta Conghos. |
| 260 | |c 2006. | ||
| 300 | |a 122 h. : |b il. ; |c 30 cm. | ||
| 500 | |a Para optar al grado de Magíster en Ciencias Agrarias. | ||
| 500 | |a Director de tesis: María Elina Aguirre. | ||
| 502 | |a Tesis (magíster)--Universidad Nacional del Sur. Departamento de Agronomía, 2006. | ||
| 504 | |a Incluye referencias bibliográficas. | ||
| 700 | 1 | |a Aguirre, María Elina. |4 ths | |
| 710 | 2 | |a Universidad Nacional del Sur. |b Departamento de Agronomía. |4 dgg. | |
| 859 | |a AR-BbBCA |b BIB. AGRONOMIA |h 040 |i B148 2006-739 |p 116705/006 | ||
